| 000 | 00896nam a2200253 a 4500 | ||
|---|---|---|---|
| 001 | 000007064 | ||
| 005 | 20240305092125.0 | ||
| 008 | 090904s2001 dr ac 001 0 spa d | ||
| 020 | _a9993420190 | ||
| 040 |
_aDO-SdBNP _bspa _cBNPHU |
||
| 082 |
_a972.93693 _bV297c |
||
| 100 | 1 |
_aVargas Genao, Caracciolo, _d1927-2015 _91504 |
|
| 245 | 1 | 0 |
_aCamino sin huellas / _cNicomedes Caracciolo Vargas Genao. |
| 260 |
_aSanto Domingo : _bManatí, _c2001. |
||
| 300 |
_a188 p. : _bil., retrs. ; _c21 cm. |
||
| 500 | _aIncluye datos biográficos del autor. | ||
| 500 | _aGlosario: p.185-188. | ||
| 651 | 0 |
_aBonao (La Vega, República Dominicana) _919645 |
|
| 651 | 0 |
_aBonao (La Vega, República Dominicana) _919645 |
|
| 651 | 0 |
_aBonao (La Vega, República Dominicana) _919645 |
|
| 650 | 4 |
_aCiudades y pueblos _zRepública Dominicana _9784 |
|
| 910 | _aValidado. Control de calidad EMS | ||
| 049 | _aBNPD | ||
| 999 |
_c6847 _d6847 |
||